=LDR 00000nam 2200000 4500 =001 INLIS000000000007661 =005 20200526081539 =035 ##$$a 0010-061300000007661 =008 200526################g##########0#ind## =041 ##$$a Ind =082 ##$$a 2x4.302 =090 ##$$a 2x4.302, Bim b =245 ##$$a Bimbingan Rasulullah keluarga sakinah : $b Rumah tangga perkawinan yang tentram dan bahagia /$c Syeikh Muhammad Ibnu Umar An-Nawawy; Penyunting, Drs. Subakin Saerozi, Drs. Hariyoto S =260 ##$$a Solo :$b Aneka,$c 1994 =300 ##$$a 96 hlm. ; $c 20 x 15 cm. =650 #4$$a Hukum Perkawinan =084 ##$$a 2x4.302 BIM b =250 ##$$a Cet.4 =990 ##$$a 69.112/Pro.94 =990 ##$$a 69.112/Pro.94-95